000 00991nam a2200301Ia 4500
001 76771
003 IT-RoPAU
008 130308s9999 xx 000 0 und d
040 _aIT-RoPAU
040 _cIT-RoPAU
041 _aITALIANO
100 _aScott Andrew M.
100 _gCodice Aut. SPICS: 26982
245 _aCastellon: simulazione di un paese in via di sviluppo
245 _bSimulazione-Per Capire e intervenire nella Complessita' del Mondo Contemporaneo
250 _a1a ed.
260 _aMILANO
260 _bAngeli Franco
260 _c1989 [1° Ed.:1989 - Ed.Ling.Originale:1989]
300 _a"13 p. (prefazione: no ; testo: 13 [pagine: 306-318])"
500 _aCaratteristiche del paese Dinamica della simulazione caratteristiche particolari della simulazione Strumento di Apprendimento ideazione Come Evoluzione
650 _aSAGGI DI CIBERNETICA
650 _eCodice materia Spics: 4107
942 _cBK
957 _71
999 _c46360
_d46360
999 _bSI
999 _g1